000 01089nam a2200277Ia 4500
001 21706
005 20260420113731.0
008 260320s9999||||xx |||||||||||||| ||und||
020 _a9789564076171
041 _aESP
082 _a344
_bH23
100 _aHassemer, Winfried,
_eAUT
245 0 _aFundamentos del derecho penal
250 _aPrimera edición
260 _aSantiago :
_bEdiciones Olejnik,
_c2025
300 _a390 páginas :
_c24 cm.
440 _a(Biblioteca de derecho penal y procesal penal)
650 _aCIS
653 _aDerecho penal
654 _aCDE
700 _aAgurto Gonzáles, Carlos Antonio; Quequejana Mamani, Sonia Lidia; Choque Cuenca, Benigno;
_cEDTes
856 _uhttps://0u214x73q-y-https-app-vlex-com.itmsp.museknowledge.com/
_zVéase además: Base de datos Vlex
856 _uhttps://legal.legis.com.pe/home/Corporativo
_zVéase además: Base de datos Multilegis
856 _uhttps://0u21bx73t-y-https-palestra-tirantonline-com.itmsp.museknowledge.com/base/per
_zVéase además: Base de datos Tirant Palestra
942 _cLIB
_dJUS
_fMAT
_2ddc
999 _c21706
_d21706